Galbavý Ján Kňaz, publicista a pedagóg

Bibliographic Details
Main Author: Petrovský, Karol, 1950-2010 (Author)
Format: Article
Language:Slovak
PhysicalDescription:Obr. 1
ISSN:0139-8512
Subjects:

MARC

LEADER 00000nab a2200000 a 4500
001 vtls000541053
003 SK-MaSNL
005 20260303020159.0
008 160216c1995 xo 0 slo
015 |a SNBRB19rr/mm-uuuuu 
035 |a CL0541191 
040 |a SNKBUCL  |b slo  |c SNKBUCL  |e AACR2 
041 0 |a slo 
044 |a xo  |c SK 
080 |a 943.76-051"18"  |2 1981 
080 |a 37-051  |2 1981 
080 |a 929 Galbavý, Ján  |2 1981 
080 |a 262.1  |2 1981 
100 1 |a Petrovský, Karol,  |d 1950-2010  |4 aut  |9 158303 
245 1 0 |a Galbavý Ján  |b Kňaz, publicista a pedagóg  |c Karol Petrovský 
300 |b Obr. 1 
600 1 7 |a Galbavý, Ján,  |d 1800-1884  |2 snkbucl  |9 199077 
655 7 |a články z novín a časopisov  |2 snkbucl  |9 267496 
773 0 |t Katolícke noviny  |g Roč. 110, č. 1 (1995), s. 14  |x 0139-8512 
850 |a Slovenská národná knižnica v Martine  |a MTA001 
852 |a SNK  |b KIS3GCP 
958 |a BX 
958 |a RK 
958 |a SK 
992 |a RBX 
999 |c 1616939  |d 1618869